Prueba de Regiones de Chile: Biobío - Estadísticas

Estadísticas generales
  • Esta prueba ha sido intentada 31 veces
  • La puntuación promedio es 12 de 17
Estadísticas de respuestas
Pregunta Respuesta % Correcto
Capital Concepción
100%
Concepción
100%
Pueblo Indígena Mayoritario Mapuche
96%
Segunda ciudad más poblada de la región Los Ángeles
93%
El Chiflón del Diablo se encuentra en esta comuna Lota
93%
Turístico salto de agua ubicado en esta región Salto del Laja
93%
Menciona una de las dos comunas en las que desemboca el Río Biobío Hualpén/San Pedro de la Paz
89%
Tercera ciudad más poblada de la región sin contar el área metropolitana Talcahuano
85%
Provincias Arauco
74%
Ciudad en la que se celebra una fiesta religiosa a San Sebastián Yumbel
74%
"La Carmela" de "La pérgola de las flores" viene de este pueblo San Rosendo
63%
Isla que inspiró la novela "Moby-Dick" de Herman Melville Isla Mocha
59%
Biobío
56%
Cordillera que funciona como frontera con la Región de la Araucanía Cordillera de Nahuelbuta
52%
Comuna conocida por su población indígena, sus paisajes y localidades como Trapa Trapa o Butalelbún Alto Biobío
48%
Pequeño pueblo conocido por sus campanas aliadas en oro Rere
30%
Pequeña ciudad conocida por las "palomitas blancas" y sus artesanías de piedra cruz Laraquete
22%
No se encontraron pruebas coincidentes
Distribución de puntuación
Porcentaje de gente con cada puntuación
Porcentaje por número respondido
Historial de tus puntuaciones
No has intentado esta prueba.